00794nam a2200217 a 450000100100000000500170001000800410002704000250006808200220009310000380011524500680015325000110022126000320023230000180026449000230028250400730030570000310037883000300040995201200043999900170055900003651520200930075756.0120119s1972 sp 000 0 spa d aDO-SdBNPbspacBNPHU axxxxbP622F, 19721 aClancier, Pierre-Sylvestre96276210aFreud. /cPierre-Sylvestre Clancier; traducción Hugo Acevedo. a2a ed. aBarcelona :bGedisa,c1972. a116 p. ;c20.1 aPsicoterapia mayor aIncluye referencias bibliográficas y notas al pie de las páginas1 aAcevedo, Hugo,etr.928594 0aPsicoterapia mayor962763 001050718MOaGRbGRcCTd2012-01-19iLF1l0oxxxx P622F, 1972p36516-10r2020-06-25w2020-06-25y1ZNo se presta c36006d36006